| 000 | 00651nam a22001577a 4500 | ||
|---|---|---|---|
| 003 | OSt | ||
| 005 | 20151202153435.0 | ||
| 008 | 151202b xxu||||| |||| 00| 0 eng d | ||
| 040 | _cRUA | ||
| 082 | _aFIS HOC 2003 B175 Or.1 | ||
| 100 |
_94161 _aHOC LAIM; ហុក ឡាំ |
||
| 245 | _aEffect of marine fish on the growth of crocodylus siamensis in sihanouk ville ;ឥទ្ធិពលត្រីសមុទ្រទៅលើកំរិតលូតលាស់របស់ក្រពើត្រី នៅក្រុងព្រះសីហនុ, | ||
| 260 |
_aPhnom Penh _bRUA _c2003 |
||
| 300 |
_aviii; 44p. _bill. _c29cm |
||
| 942 |
_2ddc _cFIS |
||
| 999 |
_c3875 _d3875 |
||